000 00612nam a2200193 a 4500
005 20210223131024.0
008 090619s2007 mx r 000 0 spa d
020 _a9789687884943
035 _aUPN01000171285
049 _aF
050 4 _aQC16 E5
_bM3.2
100 1 _aMartínez, Patricia
_933135
245 1 0 _aAlbert Einstein :
_bgenio del espacio y el tiempo /
_cPatricia Martínez ; il José Zepeda.
260 _aMéxico :
_bAndrés Bello,
_c2007.
300 _a46 p. :
_bil. col.
440 0 _aIntroduciéndote a...
600 1 4 _aEINSTEIN, ALBERT,
_d1879-1955 -
_vLITERATURA JUVENIL
_9705
905 _aLibro
999 _c143390
_d143390